Loading...
| History - American | 0 | 3 | 0 | 1 | 30 | 71 | 87.00 | 3 | 3 | 0.00 | 0.00 |
| Pop Culture | 0 | 2 | 0 | 0 | 20 | 39 | 59.00 | 2 | 2 | 0.00 | 0.00 |
| Science - Biology | 0 | 2 | 1 | 1 | 15 | 129 | 130.50 | 0 | 1 | 0.00 | 0.00 |
| Literature - European | 0 | 2 | 2 | 0 | 10 | 122 | 130.50 | 0 | 1 | 0.00 | 0.00 |
| Mythology | 0 | 1 | 0 | 0 | 10 | 92 | 92.00 | 0 | 1 | 0.00 | 0.00 |
| Philosophy | 0 | 1 | 0 | 0 | 10 | 125 | 125.00 | 0 | 0 | 0.00 | 0.00 |
| Science - Chemistry | 0 | 1 | 0 | 0 | 10 | 118 | 118.00 | 1 | 1 | 0.00 | 0.00 |
| History - European | 0 | 1 | 0 | 0 | 10 | 134 | 134.00 | 0 | 1 | 0.00 | 0.00 |
| History - Other | 0 | 1 | 0 | 0 | 10 | 112 | 112.00 | 0 | 0 | 0.00 | 0.00 |
| Science - Other | 0 | 1 | 0 | 1 | 10 | 110 | 110.00 | 0 | 0 | 0.00 | 0.00 |
| Science - Physics | 0 | 1 | 1 | 0 | 5 | 122 | 122.00 | 0 | 0 | 0.00 | 0.00 |
| Religion | 0 | 0 | 0 | 0 | 0 | 0.00 | 0 | 0 | 0.00 | 0.00 | |
| Literature - British | 0 | 0 | 0 | 0 | 0 | 0.00 | 0 | 0 | 0.00 | 0.00 | |
| Social Science | 0 | 0 | 1 | 0 | -5 | 0.00 | 0 | 0 | 0.00 | 0.00 | |
| Literature - American | 0 | 0 | 1 | 0 | -5 | 0.00 | 0 | 0 | 0.00 | 0.00 | |
| Fine Arts - Other | 0 | 0 | 1 | 0 | -5 | 0.00 | 0 | 0 | 0.00 | 0.00 |